000 00257nam a2200109 a 4500
005 20140513081050.0
008 020605s19uu xx 00 eng d
050 _aP 372.7
_bORD
245 _aOrder the pictures.
650 _aOrders--Posters
999 _c116297
_d116297